El árbol de saussure : una utopoía /
Guardado en:
| Autor Principal: | |
|---|---|
| Formato: | Libro |
| Publicado: |
Buenos Aires :
Adriana Hidalgo Editora,
2000
|
| Series: | La lengua. Relato
|
| Materias: | |
| Etiquetas: |
Agregar Etiqueta
Sin Etiquetas, Sea el primero en etiquetar este registro!
|
| LEADER | 00948nam a22002295a 4500 | ||
|---|---|---|---|
| 001 | CEM.cems014594 | ||
| 005 | 20150507173049.0 | ||
| 008 | 130507s2000##################000#0#####d | ||
| 003 | CEMS | ||
| 020 | |a 987939643x | ||
| 082 | 0 | 4 | |a A863.4 |
| 100 | 1 | |a Libertella, Héctor | |
| 245 | 1 | 0 | |a El árbol de saussure : |b una utopoía / |c Héctor Libertella |
| 260 | |a Buenos Aires : |b Adriana Hidalgo Editora, |c 2000 | ||
| 300 | |a 100 p. | ||
| 490 | 0 | |a La lengua. Relato | |
| 505 | 0 | |a La barra del bar -- Lo invisible -- Formaciones asexuadas -- La lectura instantánea -- El semejante -- La aldea y el ghetto -- Sobre la moda -- Ibídem -- Yo -- Lo concreto -- 2001 -- De oficio mudo -- El interlocutor -- Fantasma -- Horror vacui -- Entidades -- El diario del ghetto -- Lo mismo | |
| 653 | |a Literatura | ||
| 653 | |a Literatura argentina | ||
| 653 | |a Literatura bahiense | ||
| 653 | |a Relatos | ||
| 859 | |a CEMS |b BIB. CEMS - 11 de abril |h A863.4 |i L615-1 |p 27165.15 |t Ej.1 | ||
